[Event "ESTCC 65 2019"]
[Site "Mali Losinj"]
[Date "2019.09.23"]
[Round "6.24"]
[White "Strobel, Ferdinand"]
[Black "Nordenstrom, Sven"]
[Result "0-1"]
[WhiteElo "1956"]
[BlackElo "1874"]
[Annotator "NA"]
[PlyCount "84"]
[EventDate "2019.09.18"]
[EventType "team-tourn"]
[EventCountry "CRO"]
[SourceTitle "playchess.com"]
[Source "ChessBase"]
[SourceQuality "1"]
[WhiteTeam "Austria"]
[BlackTeam "Sweden"]
[WhiteTeamCountry "AUT"]
[BlackTeamCountry "SWE"]
[TimeControl "40/5400+30:1800+30"]

1. f4 {[%emt 0:00:30]} Nf6 {[%emt 0:00:30]} 2. Nf3 {[%emt 0:00:30]} d5 {[%emt 0:00:30]} 3. g3 {[%emt 0:00:30]} e6 {[%emt 0:01:30]} 4. Bg2 {[%emt 0:00:30]} Be7 {[%emt 0:02:30]} 5. d3 {[%emt 0:02:30]} O-O {[%emt 0:01:30]} 6. O-O {[%emt 0:00:30]} c5 {[%emt 0:01:30]} 7. c3 {[%emt 0:10:30]} Nc6 {[%emt 0:03:30]} 8. Qe1 {[%emt 0:03:30]} d4 {[%emt 0:04:30]} 9. h3 {[%emt 0:04:30]} Qc7 {[%emt 0:05:30]} 10. Na3 {[%emt 0:05:30]} a6 {[%emt 0:00:30]} 11. Qf2 {[%emt 0:00:30]} Nd7 {[%emt 0:06:30]} 12. e4 {[%emt 0:05:30]} dxe3 {[%emt 0:01:30]} 13. Bxe3 {[%emt 0:00:30]} Rb8 {[%emt 0:03:30]} 14. Nc2 {[%emt 0:03:30]} b6 {[%emt 0:01:30]} 15. Rad1 {[%emt 0:08:30]} e5 {[%emt 0:07:30]} 16. fxe5 {[%emt 0:10:30]} Ncxe5 {[%emt 0:00:30]} 17. Nxe5 {[%emt 0:01:30]} Nxe5 {[%emt 0:00:30]} 18. Bf4 {[%emt 0:01:30]} Bd6 {[%emt 0:00:30]} 19. Ne3 {[%emt 0:02:30]} Ng6 {[%emt 0:01:30]} 20. Nd5 {[%emt 0:04:30]} Qd8 {[%emt 0:00:30]} 21. Bxd6 {[%emt 0:01:30]} Qxd6 {[%emt 0:01:30]} 22. d4 {[%emt 0:00:30]} cxd4 {[%emt 0:01:30]} 23. Rxd4 {[%emt 0:01:30]} Qc5 {[%emt 0:00:30]} 24. b4 {[%emt 0:07:30]} Qd6 {[%emt 0:01:30]} 25. Re1 {[%emt 0:01:30]} Kh8 {[%emt 0:01:30]} 26. Ne7 {[%emt 0:06:16]} Qc7 {[%emt 0:03:30]} 27. Nd5 {[%emt 0:04:38]} Qa7 {[%emt 0:02:30]} 28. h4 {[%emt 0:00:38]} Be6 {[%emt 0:02:30]} 29. h5 {[%emt 0:00:51]} Ne7 {[%emt 0:00:30]} 30. Nxe7 {[%emt 0:01:15]} Qxe7 {[%emt 0:00:00]} 31. Qf4 {[%emt 0:01:52]} h6 {[%emt 0:03:00]} 32. Bh3 {[%emt 0:02:25]} Rbc8 {[%emt 0:02:30]} 33. c4 {[%emt 0:01:26]} Qxb4 {[%emt 0:01:30]} 34. Re3 {[%emt 0:00:56]} Bxh3 {[%emt 0:06:30]} 35. Kh2 {[%emt 0:00:26]} Be6 {[%emt 0:00:30]} 36. g4 {[%emt 0:00:11]} Rxc4 {[%emt 0:01:30]} 37. Rxc4 {[%emt 0:02:28]} Qxc4 {[%emt 0:00:30]} 38. Qd6 {[%emt 0:00:21]} Qc5 {[%emt 0:00:30]} 39. Qf4 {[%emt 0:00:16]} Rd8 {[%emt 0:01:30]} 40. Re5 {[%emt 0:00:43]} Qc3 {[%emt 0:01:30]} 41. Re2 {[%emt 0:30:21]} Qd3 {[%emt 0:30:30]} 42. Rg2 {[%emt 0:02:41]} Qd6 {[%emt 0:00:30]} 0-1

[Event "ESTCC 65 2019"]
[Site "Mali Losinj"]
[Date "2019.09.23"]
[Round "6.25"]
[White "Hutchinson, Paul A"]
[Black "Vadlja, Stjepan"]
[Result "1-0"]
[WhiteElo "2124"]
[BlackElo "1636"]
[Annotator "NA"]
[PlyCount "145"]
[EventDate "2019.09.18"]
[EventType "team-tourn"]
[EventCountry "CRO"]
[SourceTitle "playchess.com"]
[Source "ChessBase"]
[SourceQuality "1"]
[WhiteTeam "England"]
[BlackTeam "Croatia"]
[WhiteTeamCountry "ENG"]
[BlackTeamCountry "CRO"]
[TimeControl "40/5400+30:1800+30"]

1. d4 {[%emt 0:00:30]} Nf6 {[%emt 0:00:30]} 2. Nf3 {[%emt 0:00:00]} d5 {[%emt 0:00:30]} 3. e3 {[%emt 0:00:00]} e6 {[%emt 0:00:30]} 4. c4 {[%emt 0:00:30]} Be7 {[%emt 0:00:30]} 5. Bd3 {[%emt 0:00:30]} O-O {[%emt 0:00:30]} 6. O-O {[%emt 0:00:30]} b6 {[%emt 0:01:30]} 7. Nc3 {[%emt 0:00:30]} Bb7 {[%emt 0:00:00]} 8. b3 {[%emt 0:00:00]} Re8 {[%emt 0:02:00]} 9. Bb2 {[%emt 0:00:00]} Nbd7 {[%emt 0:00:30]} 10. Qe2 {[%emt 0:00:30]} Nf8 {[%emt 0:01:30]} 11. Rfd1 {[%emt 0:00:30]} a5 {[%emt 0:01:30]} 12. Ne5 {[%emt 0:04:30]} N6d7 {[%emt 0:04:30]} 13. f4 {[%emt 0:02:30]} Bf6 {[%emt 0:02:30]} 14. Nf3 {[%emt 0:08:30]} g6 {[%emt 0:01:30]} 15. g4 {[%emt 0:01:30]} Bg7 {[%emt 0:01:30]} 16. g5 {[%emt 0:02:30]} f6 {[%emt 0:01:30]} 17. h4 {[%emt 0:00:00]} Qe7 {[%emt 0:01:30]} 18. Qf2 {[%emt 0:05:00]} c5 {[%emt 0:01:30]} 19. Nb5 {[%emt 0:03:30]} Rec8 {[%emt 0:01:30]} 20. Re1 {[%emt 0:00:30]} Bc6 {[%emt 0:00:30]} 21. a4 {[%emt 0:00:30]} Bb7 {[%emt 0:03:30]} 22. Re2 {[%emt 0:00:30]} Nb8 {[%emt 0:00:30]} 23. Rc1 {[%emt 0:01:30]} Nc6 {[%emt 0:00:30]} 24. e4 {[%emt 0:05:30]} Qd7 {[%emt 0:00:30]} 25. dxc5 {[%emt 0:09:30]} bxc5 {[%emt 0:00:30]} 26. gxf6 {[%emt 0:00:00]} Bh6 {[%emt 0:00:30]} 27. Ng5 {[%emt 0:00:00]} Bxg5 {[%emt 0:01:30]} 28. hxg5 {[%emt 0:01:30]} d4 {[%emt 0:00:00]} 29. e5 {[%emt 0:00:30]} Na7 {[%emt 0:01:00]} 30. Nd6 {[%emt 0:00:30]} Rcb8 {[%emt 0:02:30]} 31. Qg3 {[%emt 0:04:30]} Nc8 {[%emt 0:00:00]} 32. Nxb7 {[%emt 0:14:30]} Rxb7 {[%emt 0:00:00]} 33. Be4 {[%emt 0:00:30]} Rab8 {[%emt 0:02:30]} 34. Bxb7 {[%emt 0:00:30]} Qxb7 {[%emt 0:00:30]} 35. Ba3 {[%emt 0:00:30]} Qc6 {[%emt 0:01:30]} 36. Rb1 {[%emt 0:01:30]} Na7 {[%emt 0:00:30]} 37. Rbb2 {[%emt 0:01:30]} Rd8 {[%emt 0:00:30]} 38. Rbd2 {[%emt 0:00:30]} Qb6 {[%emt 0:00:30]} 39. Rd3 {[%emt 0:10:30]} Nc6 {[%emt 0:00:30]} 40. Qe1 {[%emt 0:00:30]} Rd7 {[%emt 0:01:30]} 41. Rh2 {[%emt 0:30:30]} Nb4 {[%emt 0:29:30]} 42. Bxb4 {[%emt 0:00:30]} axb4 {[%emt 0:00:30]} 43. a5 {[%emt 0:01:30]} Qxa5 {[%emt 0:00:30]} 44. Rdd2 {[%emt 0:00:00]} Qa6 {[%emt 0:01:30]} 45. Ra2 {[%emt 0:01:00]} Qc6 {[%emt 0:00:30]} 46. Qe2 {[%emt 0:00:30]} Rc7 {[%emt 0:04:30]} 47. Qg2 {[%emt 0:00:30]} Qd7 {[%emt 0:00:30]} 48. Qe4 {[%emt 0:02:30]} Ra7 {[%emt 0:06:30]} 49. Rhd2 {[%emt 0:00:30]} Ra3 {[%emt 0:00:30]} 50. Rxa3 {[%emt 0:08:18]} bxa3 {[%emt 0:00:30]} 51. Ra2 {[%emt 0:00:21]} Qa7 {[%emt 0:00:00]} 52. Kf2 {[%emt 0:00:14]} Qa5 {[%emt 0:00:00]} 53. Qe1 {[%emt 0:00:34]} Qa7 {[%emt 0:01:30]} 54. b4 {[%emt 0:02:54]} Qa4 {[%emt 0:04:30]} 55. bxc5 {[%emt 0:09:16]} Qxc4 {[%emt 0:00:00]} 56. Rxa3 {[%emt 0:00:00]} Qxc5 {[%emt 0:00:00]} 57. Rd3 {[%emt 0:00:00]} Nd7 {[%emt 0:00:00]} 58. Qd1 {[%emt 0:00:00]} Nb6 {[%emt 0:00:00]} 59. Rxd4 {[%emt 0:00:00]} Nd5 {[%emt 0:00:00]} 60. Kf3 {[%emt 0:00:00]} Qa3+ {[%emt 0:00:00]} 61. Rd3 {[%emt 0:00:00]} Qa2 {[%emt 0:00:00]} 62. Qb3 {[%emt 0:00:00]} Qa8 {[%emt 0:00:00]} 63. Kg3 {[%emt 0:00:00]} Kf7 {[%emt 0:00:00]} 64. Qa3 {[%emt 0:00:00]} Qb7 {[%emt 0:00:00]} 65. Rb3 {[%emt 0:00:00]} Qc7 {[%emt 0:00:00]} 66. Qd6 {[%emt 0:00:00]} Qa7 {[%emt 0:00:00]} 67. Kf3 {[%emt 0:05:24]} Qa8 {[%emt 0:00:00]} 68. Qd7+ {[%emt 0:00:11]} Ne7+ {[%emt 0:00:00]} 69. Kg3 {[%emt 0:00:12]} Qf8 {[%emt 0:00:00]} 70. Rb7 {[%emt 0:00:16]} Qe8 {[%emt 0:00:00]} 71. Qxe8+ {[%emt 0:00:18]} Kxe8 {[%emt 0:00:00]} 72. Rxe7+ {[%emt 0:00:11]} Kf8 {[%emt 0:00:00]} 73. Rxh7 {[%emt 0:00:06]} 1-0

[Event "ESTCC 65 2019"]
[Site "Mali Losinj"]
[Date "2019.09.23"]
[Round "6.27"]
[White "Reuben, Stewart"]
[Black "Novak, Stjepan"]
[Result "1-0"]
[WhiteElo "1983"]
[BlackElo "1503"]
[Annotator "NA"]
[PlyCount "73"]
[EventDate "2019.09.18"]
[EventType "team-tourn"]
[EventCountry "CRO"]
[SourceTitle "playchess.com"]
[Source "ChessBase"]
[SourceQuality "1"]
[WhiteTeam "England"]
[BlackTeam "Croatia"]
[WhiteTeamCountry "ENG"]
[BlackTeamCountry "CRO"]
[TimeControl "40/5400+30:1800+30"]

1. d4 {[%emt 0:00:30]} c5 {[%emt 0:00:30]} 2. d5 {[%emt 0:00:00]} d6 {[%emt 0:00:00]} 3. c4 {[%emt 0:00:00]} e5 {[%emt 0:00:00]} 4. e4 {[%emt 0:02:30]} Nf6 {[%emt 0:01:30]} 5. Nc3 {[%emt 0:00:30]} Be7 {[%emt 0:00:30]} 6. Be2 {[%emt 0:00:30]} O-O {[%emt 0:01:30]} 7. f4 {[%emt 0:00:30]} Nbd7 {[%emt 0:01:30]} 8. fxe5 {[%emt 0:08:30]} Nxe5 {[%emt 0:00:30]} 9. Nf3 {[%emt 0:00:30]} Nfd7 {[%emt 0:06:30]} 10. Bf4 {[%emt 0:05:30]} f6 {[%emt 0:01:30]} 11. O-O {[%emt 0:01:30]} a6 {[%emt 0:01:30]} 12. Qd2 {[%emt 0:03:30]} Rb8 {[%emt 0:04:30]} 13. h3 {[%emt 0:07:30]} Nb6 {[%emt 0:02:30]} 14. b3 {[%emt 0:00:30]} Bd7 {[%emt 0:01:30]} 15. a4 {[%emt 0:10:30]} Be8 {[%emt 0:02:30]} 16. Rfb1 {[%emt 0:10:30]} Kh8 {[%emt 0:04:30]} 17. Nd1 {[%emt 0:01:30]} Bg6 {[%emt 0:03:30]} 18. Qe3 {[%emt 0:03:30]} Nbd7 {[%emt 0:07:30]} 19. Nh4 {[%emt 0:01:30]} f5 {[%emt 0:05:30]} 20. Nxf5 {[%emt 0:06:30]} Bxf5 {[%emt 0:01:30]} 21. exf5 {[%emt 0:00:30]} Rxf5 {[%emt 0:01:30]} 22. g4 {[%emt 0:04:30]} Rf7 {[%emt 0:01:30]} 23. Nf2 {[%emt 0:01:30]} Ng6 {[%emt 0:07:30]} 24. Bg3 {[%emt 0:03:30]} Qf8 {[%emt 0:01:30]} 25. Ne4 {[%emt 0:03:30]} Bf6 {[%emt 0:13:30]} 26. Nxf6 {[%emt 0:03:30]} Nxf6 {[%emt 0:01:30]} 27. Rf1 {[%emt 0:06:31]} Re8 {[%emt 0:01:30]} 28. Qf2 {[%emt 0:00:30]} Ne5 {[%emt 0:01:30]} 29. Bxe5 {[%emt 0:01:17]} Rxe5 {[%emt 0:00:30]} 30. Bd3 {[%emt 0:00:29]} Rg5 {[%emt 0:01:30]} 31. Rae1 {[%emt 0:02:22]} Nxg4 {[%emt 0:00:30]} 32. Qh4 {[%emt 0:03:10]} Nh2+ {[%emt 0:09:45]} 33. Kxh2 {[%emt 0:01:20]} h6 {[%emt 0:00:45]} 34. Qe4 {[%emt 0:01:31]} Rf2+ {[%emt 0:01:15]} 35. Rxf2 {[%emt 0:03:21]} Qxf2+ {[%emt 0:00:02]} 36. Kh1 {[%emt 0:00:00]} g6 {[%emt 0:01:34]} 37. Qe8+ {[%emt 0:00:35]} 1-0

[Event "ESTCC 65 2019"]
[Site "Mali Losinj"]
[Date "2019.09.23"]
[Round "6.28"]
[White "Petanjek, Zvonko"]
[Black "Ewart, Brian R"]
[Result "0-1"]
[WhiteElo "1650"]
[BlackElo "1882"]
[Annotator "NA"]
[PlyCount "95"]
[EventDate "2019.09.18"]
[EventType "team-tourn"]
[EventCountry "CRO"]
[SourceTitle "playchess.com"]
[Source "ChessBase"]
[SourceQuality "1"]
[WhiteTeam "Croatia"]
[BlackTeam "England"]
[WhiteTeamCountry "CRO"]
[BlackTeamCountry "ENG"]
[TimeControl "40/5400+30:1800+30"]

1. e4 {[%emt 0:00:30]} c5 {[%emt 0:01:30]} 2. Nc3 {[%emt 0:00:00]} Nc6 {[%emt 0:00:00]} 3. Nf3 {[%emt 0:00:00]} a6 {[%emt 0:01:00]} 4. a3 {[%emt 0:00:30]} b5 {[%emt 0:00:30]} 5. d4 {[%emt 0:01:30]} cxd4 {[%emt 0:00:30]} 6. Nxd4 {[%emt 0:00:00]} Bb7 {[%emt 0:01:30]} 7. Nxc6 {[%emt 0:01:00]} Bxc6 {[%emt 0:01:30]} 8. Bd3 {[%emt 0:00:30]} g6 {[%emt 0:06:30]} 9. O-O {[%emt 0:00:30]} Bg7 {[%emt 0:00:00]} 10. Bd2 {[%emt 0:00:30]} Qc7 {[%emt 0:04:00]} 11. Rb1 {[%emt 0:03:30]} Nf6 {[%emt 0:02:30]} 12. Bg5 {[%emt 0:04:30]} Qb7 {[%emt 0:03:30]} 13. Re1 {[%emt 0:00:30]} d6 {[%emt 0:01:30]} 14. f3 {[%emt 0:02:30]} O-O {[%emt 0:03:30]} 15. Na2 {[%emt 0:06:30]} a5 {[%emt 0:01:30]} 16. Nc3 {[%emt 0:02:30]} b4 {[%emt 0:05:30]} 17. Ne2 {[%emt 0:01:30]} h6 {[%emt 0:03:30]} 18. Bxf6 {[%emt 0:00:30]} Bxf6 {[%emt 0:00:00]} 19. axb4 {[%emt 0:00:30]} axb4 {[%emt 0:00:00]} 20. b3 {[%emt 0:00:30]} Rfd8 {[%emt 0:09:30]} 21. Bc4 {[%emt 0:00:30]} d5 {[%emt 0:02:30]} 22. exd5 {[%emt 0:00:30]} Bxd5 {[%emt 0:00:30]} 23. Bxd5 {[%emt 0:00:00]} Rxd5 {[%emt 0:00:30]} 24. Qc1 {[%emt 0:00:00]} Qb6+ {[%emt 0:08:30]} 25. Kh1 {[%emt 0:00:30]} Rad8 {[%emt 0:07:30]} 26. Nf4 {[%emt 0:01:30]} Rd2 {[%emt 0:05:30]} 27. Nd3 {[%emt 0:00:30]} Bc3 {[%emt 0:00:00]} 28. Rd1 {[%emt 0:01:30]} Rxd1+ {[%emt 0:07:00]} 29. Qxd1 {[%emt 0:00:00]} Qe3 {[%emt 0:01:30]} 30. Qg1 {[%emt 0:00:00]} Qe2 {[%emt 0:02:30]} 31. Qf2 {[%emt 0:00:30]} Qxf2 {[%emt 0:00:30]} 32. Nxf2 {[%emt 0:00:30]} Rd2 {[%emt 0:00:30]} 33. Ng4 {[%emt 0:00:30]} h5 {[%emt 0:00:30]} 34. Ne3 {[%emt 0:00:30]} Bd4 {[%emt 0:01:30]} 35. Nd5 {[%emt 0:00:30]} Bc5 {[%emt 0:00:30]} 36. c4 {[%emt 0:00:30]} bxc3 {[%emt 0:01:15]} 37. Nxc3 {[%emt 0:01:30]} Bb4 {[%emt 0:00:52]} 38. Ne4 {[%emt 0:00:30]} Rc2 {[%emt 0:01:12]} 39. Kg1 {[%emt 0:01:30]} e5 {[%emt 0:00:41]} 40. h3 {[%emt 0:00:30]} Kf8 {[%emt 0:00:19]} 41. g4 {[%emt 0:30:30]} hxg4 {[%emt 0:30:25]} 42. hxg4 {[%emt 0:00:30]} f5 {[%emt 0:00:53]} 43. gxf5 {[%emt 0:00:30]} gxf5 {[%emt 0:00:02]} 44. Ng3 {[%emt 0:00:30]} Bc5+ {[%emt 0:04:01]} 45. Kh1 {[%emt 0:00:30]} Rf2 {[%emt 0:00:56]} 46. Nxf5 {[%emt 0:00:30]} Rxf3 {[%emt 0:00:08]} 47. Rf1 {[%emt 0:00:30]} Rxf1+ {[%emt 0:00:09]} 48. Kg2 {[%emt 0:01:30]} 0-1

[Event "ESTCC 65 2019"]
[Site "Mali Losinj"]
[Date "2019.09.23"]
[Round "6.29"]
[White "James, Kevin"]
[Black "Peltola, Leo"]
[Result "1-0"]
[WhiteElo "1959"]
[BlackElo "1966"]
[Annotator "NA"]
[PlyCount "79"]
[EventDate "2019.09.18"]
[EventType "team-tourn"]
[EventCountry "CRO"]
[SourceTitle "playchess.com"]
[Source "ChessBase"]
[SourceQuality "1"]
[WhiteTeam "Ireland"]
[BlackTeam "Finland"]
[WhiteTeamCountry "IRL"]
[BlackTeamCountry "FIN"]
[TimeControl "40/5400+30:1800+30"]

1. d4 {[%emt 0:00:30]} Nf6 {[%emt 0:00:30]} 2. c4 {[%emt 0:00:00]} e6 {[%emt 0:00:00]} 3. Nc3 {[%emt 0:00:00]} Bb4 {[%emt 0:00:00]} 4. f3 {[%emt 0:00:00]} c5 {[%emt 0:00:30]} 5. d5 {[%emt 0:01:00]} d6 {[%emt 0:01:30]} 6. e4 {[%emt 0:02:30]} Bxc3+ {[%emt 0:02:30]} 7. bxc3 {[%emt 0:00:00]} e5 {[%emt 0:00:30]} 8. Bd3 {[%emt 0:00:00]} O-O {[%emt 0:00:30]} 9. Ne2 {[%emt 0:00:30]} Re8 {[%emt 0:00:30]} 10. O-O {[%emt 0:01:30]} Nbd7 {[%emt 0:00:30]} 11. Qe1 {[%emt 0:02:30]} Nf8 {[%emt 0:03:30]} 12. g4 {[%emt 0:02:30]} Kh8 {[%emt 0:11:30]} 13. Bg5 {[%emt 0:06:30]} Ng6 {[%emt 0:03:30]} 14. Qg3 {[%emt 0:06:30]} h6 {[%emt 0:01:30]} 15. Bd2 {[%emt 0:02:30]} Qe7 {[%emt 0:09:30]} 16. Kh1 {[%emt 0:01:30]} Bd7 {[%emt 0:00:30]} 17. Rg1 {[%emt 0:01:30]} Nh7 {[%emt 0:03:30]} 18. Be1 {[%emt 0:00:30]} Qf6 {[%emt 0:01:30]} 19. h4 {[%emt 0:05:30]} Nf4 {[%emt 0:01:30]} 20. g5 {[%emt 0:05:30]} hxg5 {[%emt 0:07:30]} 21. hxg5 {[%emt 0:01:30]} Nxe2 {[%emt 0:00:30]} 22. Bxe2 {[%emt 0:00:00]} Qg6 {[%emt 0:01:30]} 23. Qh4 {[%emt 0:01:00]} Kg8 {[%emt 0:00:30]} 24. Bd2 {[%emt 0:00:30]} Kf8 {[%emt 0:08:30]} 25. Rae1 {[%emt 0:04:30]} Ke7 {[%emt 0:01:30]} 26. Bd1 {[%emt 0:00:30]} Kd8 {[%emt 0:02:30]} 27. f4 {[%emt 0:00:30]} Rh8 {[%emt 0:06:30]} 28. f5 {[%emt 0:02:30]} Bxf5 {[%emt 0:02:30]} 29. exf5 {[%emt 0:00:30]} Qxf5 {[%emt 0:00:00]} 30. Kg2 {[%emt 0:08:30]} Kc7 {[%emt 0:02:00]} 31. Rgf1 {[%emt 0:00:30]} Qg6 {[%emt 0:04:30]} 32. Qg4 {[%emt 0:12:30]} Raf8 {[%emt 0:04:47]} 33. Qf5 {[%emt 0:01:30]} Qxf5 {[%emt 0:01:12]} 34. Rxf5 {[%emt 0:00:30]} g6 {[%emt 0:01:31]} 35. Rf3 {[%emt 0:01:30]} f5 {[%emt 0:03:28]} 36. gxf6 {[%emt 0:00:30]} Rxf6 {[%emt 0:00:20]} 37. Rh3 {[%emt 0:00:30]} Rf7 {[%emt 0:02:27]} 38. Reh1 {[%emt 0:00:30]} Kd7 {[%emt 0:01:17]} 39. Bg4+ {[%emt 0:02:30]} Ke7 {[%emt 0:02:08]} 40. Be6 {[%emt 0:01:30]} 1-0

[Event "ESTCC 65 2019"]
[Site "Mali Losinj"]
[Date "2019.09.23"]
[Round "6.30"]
[White "Patola, Eero"]
[Black "Lohan, Martin"]
[Result "1/2-1/2"]
[WhiteElo "1798"]
[BlackElo "1796"]
[Annotator "NA"]
[PlyCount "89"]
[EventDate "2019.09.18"]
[EventType "team-tourn"]
[EventCountry "CRO"]
[SourceTitle "playchess.com"]
[Source "ChessBase"]
[SourceQuality "1"]
[WhiteTeam "Finland"]
[BlackTeam "Ireland"]
[WhiteTeamCountry "FIN"]
[BlackTeamCountry "IRL"]
[TimeControl "40/5400+30:1800+30"]

1. c4 {[%emt 0:00:30]} c5 {[%emt 0:00:30]} 2. Nc3 {[%emt 0:00:00]} Nf6 {[%emt 0:00:30]} 3. e4 {[%emt 0:00:00]} d6 {[%emt 0:00:30]} 4. g3 {[%emt 0:01:30]} Nc6 {[%emt 0:00:30]} 5. Bg2 {[%emt 0:00:30]} a6 {[%emt 0:01:30]} 6. Nge2 {[%emt 0:00:30]} g6 {[%emt 0:03:30]} 7. d3 {[%emt 0:01:30]} Bg7 {[%emt 0:00:30]} 8. O-O {[%emt 0:00:00]} Rb8 {[%emt 0:00:00]} 9. f4 {[%emt 0:01:00]} Bg4 {[%emt 0:01:00]} 10. h3 {[%emt 0:00:30]} Bxe2 {[%emt 0:00:30]} 11. Nxe2 {[%emt 0:00:30]} O-O {[%emt 0:00:30]} 12. g4 {[%emt 0:00:30]} e6 {[%emt 0:00:30]} 13. Ng3 {[%emt 0:01:30]} b5 {[%emt 0:01:30]} 14. e5 {[%emt 0:00:30]} dxe5 {[%emt 0:01:30]} 15. Bxc6 {[%emt 0:00:30]} exf4 {[%emt 0:00:30]} 16. Bxf4 {[%emt 0:03:30]} Qd4+ {[%emt 0:05:30]} 17. Kh2 {[%emt 0:06:30]} e5 {[%emt 0:01:30]} 18. Bg5 {[%emt 0:03:30]} e4 {[%emt 0:10:30]} 19. dxe4 {[%emt 0:06:30]} Qxb2+ {[%emt 0:08:30]} 20. Qe2 {[%emt 0:00:30]} bxc4 {[%emt 0:06:30]} 21. Qxb2 {[%emt 0:02:30]} Rxb2+ {[%emt 0:00:30]} 22. Kh1 {[%emt 0:00:30]} Rb6 {[%emt 0:03:30]} 23. Bxf6 {[%emt 0:03:30]} Rxc6 {[%emt 0:01:30]} 24. Bxg7 {[%emt 0:00:00]} Kxg7 {[%emt 0:00:00]} 25. Rac1 {[%emt 0:01:00]} Rb8 {[%emt 0:02:00]} 26. Rxc4 {[%emt 0:00:00]} Rb2 {[%emt 0:00:30]} 27. a4 {[%emt 0:02:00]} Rd6 {[%emt 0:03:30]} 28. Re1 {[%emt 0:01:30]} Rdd2 {[%emt 0:03:30]} 29. Nf1 {[%emt 0:01:30]} Rd3 {[%emt 0:00:30]} 30. Re3 {[%emt 0:01:30]} Rd1 {[%emt 0:00:30]} 31. Rf3 {[%emt 0:00:30]} Rb4 {[%emt 0:10:30]} 32. Rxb4 {[%emt 0:05:30]} cxb4 {[%emt 0:01:30]} 33. Kg2 {[%emt 0:01:30]} Ra1 {[%emt 0:00:00]} 34. Rb3 {[%emt 0:01:30]} Rxa4 {[%emt 0:01:00]} 35. Kf2 {[%emt 0:04:30]} a5 {[%emt 0:01:30]} 36. Ke2 {[%emt 0:02:30]} Kf6 {[%emt 0:02:30]} 37. Kd3 {[%emt 0:01:30]} Ra3 {[%emt 0:01:30]} 38. Rxa3 {[%emt 0:11:30]} bxa3 {[%emt 0:00:00]} 39. Ne3 {[%emt 0:01:30]} a2 {[%emt 0:04:00]} 40. Nc2 {[%emt 0:00:30]} Kg5 {[%emt 0:00:00]} 41. Ke3 {[%emt 0:30:30]} h5 {[%emt 0:40:41]} 42. Kf3 {[%emt 0:02:30]} h4 {[%emt 0:02:06]} 43. e5 {[%emt 0:00:30]} f5 {[%emt 0:04:05]} 44. exf6 {[%emt 0:03:30]} Kxf6 {[%emt 0:00:08]} 45. Ke4 {[%emt 0:01:30]} 1/2-1/2

[Event "ESTCC 65 2019"]
[Site "Mali Losinj"]
[Date "2019.09.23"]
[Round "6.31"]
[White "Egan, Colm"]
[Black "Virtanen, Esko"]
[Result "1/2-1/2"]
[WhiteElo "1710"]
[BlackElo "1771"]
[Annotator "NA"]
[PlyCount "75"]
[EventDate "2019.09.18"]
[EventType "team-tourn"]
[EventCountry "CRO"]
[SourceTitle "playchess.com"]
[Source "ChessBase"]
[SourceQuality "1"]
[WhiteTeam "Ireland"]
[BlackTeam "Finland"]
[WhiteTeamCountry "IRL"]
[BlackTeamCountry "FIN"]
[TimeControl "40/5400+30:1800+30"]

1. d4 {[%emt 0:00:30]} d5 {[%emt 0:00:30]} 2. Bf4 {[%emt 0:00:00]} Nf6 {[%emt 0:00:00]} 3. e3 {[%emt 0:00:00]} Bf5 {[%emt 0:00:00]} 4. c4 {[%emt 0:00:30]} c6 {[%emt 0:00:30]} 5. Nc3 {[%emt 0:01:30]} e6 {[%emt 0:00:30]} 6. Qb3 {[%emt 0:00:30]} Qb6 {[%emt 0:01:30]} 7. c5 {[%emt 0:00:30]} Qxb3 {[%emt 0:00:30]} 8. axb3 {[%emt 0:00:30]} a6 {[%emt 0:00:00]} 9. b4 {[%emt 0:00:30]} Nbd7 {[%emt 0:03:00]} 10. b5 {[%emt 0:00:30]} cxb5 {[%emt 0:00:30]} 11. Nxb5 {[%emt 0:00:30]} Rc8 {[%emt 0:00:30]} 12. Nd6+ {[%emt 0:00:30]} Bxd6 {[%emt 0:00:00]} 13. Bxd6 {[%emt 0:00:30]} Ne4 {[%emt 0:00:00]} 14. Bf4 {[%emt 0:00:30]} g5 {[%emt 0:02:30]} 15. Bg3 {[%emt 0:02:30]} Nxg3 {[%emt 0:00:00]} 16. hxg3 {[%emt 0:00:00]} O-O {[%emt 0:00:00]} 17. Nf3 {[%emt 0:02:00]} f6 {[%emt 0:00:30]} 18. b4 {[%emt 0:03:30]} Kg7 {[%emt 0:00:00]} 19. Kd2 {[%emt 0:03:30]} h6 {[%emt 0:01:00]} 20. Be2 {[%emt 0:04:30]} e5 {[%emt 0:03:30]} 21. Rhc1 {[%emt 0:00:30]} e4 {[%emt 0:05:30]} 22. Ne1 {[%emt 0:01:30]} Nb8 {[%emt 0:00:00]} 23. b5 {[%emt 0:10:30]} axb5 {[%emt 0:03:00]} 24. Ra7 {[%emt 0:03:30]} Rf7 {[%emt 0:01:30]} 25. Bxb5 {[%emt 0:00:30]} Nc6 {[%emt 0:00:30]} 26. Bxc6 {[%emt 0:00:30]} bxc6 {[%emt 0:01:30]} 27. Rxf7+ {[%emt 0:05:30]} Kxf7 {[%emt 0:00:30]} 28. Rb1 {[%emt 0:00:00]} Kg6 {[%emt 0:02:30]} 29. Rb7 {[%emt 0:03:00]} Be6 {[%emt 0:01:30]} 30. Nc2 {[%emt 0:01:30]} Bf7 {[%emt 0:00:30]} 31. Nb4 {[%emt 0:01:30]} Be8 {[%emt 0:00:00]} 32. f3 {[%emt 0:01:30]} h5 {[%emt 0:07:00]} 33. fxe4 {[%emt 0:06:30]} dxe4 {[%emt 0:00:00]} 34. Rb6 {[%emt 0:01:30]} Kf5 {[%emt 0:01:00]} 35. Ke2 {[%emt 0:00:30]} Bd7 {[%emt 0:06:30]} 36. Kf2 {[%emt 0:07:30]} Be8 {[%emt 0:03:30]} 37. Ke2 {[%emt 0:04:30]} Rc7 {[%emt 0:04:30]} 38. Kf2 {[%emt 0:01:30]} 1/2-1/2